00671pam a2200217 a 4500001000700000003000400007005001700011008004100028010001700069020003200086040001900118050002300137082001500160100003300175245010000208260005300308300001000361500002000371504003000391700003200421952127OSt20200606105732.0840824s1985 njua b 001 0 eng  a 84018005  a0139420878 (pbk.) :c$14.95 aDLCcoclcdDLC00aJX1391b.F655 198500a327bFOS/V aFoster, Richard Henryd1946-10aViewing International relations and World politics /cRichard Henry Foster ; Robert V. Edington aEnglewood Cliffs, N.J. :bPrentice-Hall,cc1985. a212 p aIncludes index. aBibliography: p. 201-203.1 aEdington, Robert V.,d1935-